Normal view
MARC view
Entry Topical Term
001 - CONTROL NUMBER
- control field: 7514
003 - CONTROL NUMBER IDENTIFIER
- control field: ARRUPE
005 - DATE AND TIME OF LATEST TRANSACTION
- control field: 20140131124908.0
008 - FIXED-LENGTH DATA ELEMENTS
- fixed length control field: 140131|| aca||aabn | a|a d
040 ## - CATALOGING SOURCE
- Original cataloging agency: ARRUPE
- Transcribing agency: ARRUPE
150 ## - HEADING--TOPICAL TERM
- Topical term or geographic name as entry element: Meditation.
670 ## - SOURCE DATA FOUND
- Source citation: Work cat.: (ARRUPE)0: Caballero, Nicolás. 7513, The way to freedom :, c1982.